German industry and global enterprise (Record no. 193790)

MARC details
000 -LEADER
fixed length control field 00583nam a2200181Ia 4500
008 - FIXED-LENGTH DATA ELEMENTS--GENERAL INFORMATION
fixed length control field 191130s2004##################000#0#eng##
020 ## - INTERNATIONAL STANDARD BOOK NUMBER
ISBN 9780521827263
082 ## - DEWEY DECIMAL CLASSIFICATION NUMBER
Classification number 338.76600943 ABE
100 ## - MAIN ENTRY--AUTHOR NAME
Personal name Abelshauser, Werner
245 ## - TITLE STATEMENT
Title German industry and global enterprise
Statement of responsibility, etc Werner Abelshauser, Wolfgang von Hippel, Jeffrey Allan Johnson et al
260 ## - PUBLICATION, DISTRIBUTION, ETC. (IMPRINT)
Place of publication Cape Town
Name of publisher [publisher not identified]
Year of publication 2004
300 ## - PHYSICAL DESCRIPTION
Number of Pages ix, 676 p. 23 cm
700 ## - ADDED ENTRY--PERSONAL NAME
Personal name Hippel, Wolfgang von
991 ## -
-- 180476
Holdings
Withdrawn status Lost status Damaged status Not for loan Home library Current library Shelving location Date acquired Full call number Accession Number Price effective from Koha item type
        Anna Centenary Library Anna Centenary Library 4TH FLOOR, A WING 13.10.2020 338.76600943 ABE 102824 13.10.2020 English Books

Find us on the map